| 000 | 00482cam a22001577a 4500 | ||
|---|---|---|---|
| 008 | 180718b2004 xxu||||| |||| 00| 0 eng d | ||
| 020 | _a8170338646 | ||
| 082 | _aBA27x54 H763p | ||
| 100 | _aHooja, Meenakshi | ||
| 245 |
_aPolicies and strategies for tribal development _cby Meenakshi Hooja |
||
| 260 |
_aJaipur _bRawat _c2004 |
||
| 300 | _a189p. | ||
| 650 | _aPublic health --India | ||
| 650 | _aTribes --India --Economic conditions | ||
| 650 | _aTribes --India --Social conditions | ||
| 999 |
_c441220 _d441220 |
||